Patient care in radiography : (رقم التسجيلة. 42691)
[ عرض عادي ]
| 000 -الفاتح | |
|---|---|
| حقل البيانات ثابتة الطول | 01788cam a22003258i 4500 |
| 003 - محدد رقم الضبط | |
| رقم الضبط | OCoLC |
| 005 - وقت وتاريخ اخر تعامل مع التسجيلة | |
| رقم الضبط | 20180829190248.0 |
| 008 - عناصر البيانات ثابتة الطول - معلومات عامة | |
| حقل البيانات ثابتة الطول | 151125s2017 mou b 001 0 eng |
| 020 ## - الرقم الدولى المعيارى للكتب | |
| الرقم الدولى المعيارى للكتاب | 9780323353762 |
| 020 ## - الرقم الدولى المعيارى للكتب | |
| الرقم الدولى المعيارى للكتاب | 0323353762 |
| 040 ## - مصدر الفهرسة | |
| وكالة الفهرسة الأصلية | DNLM/DLC |
| لغة الفهرسة | eng |
| قواعد الوصف | rda |
| وكالة النسخ | DLC |
| وكالة التعديل | BTCTA |
| -- | YDXCP |
| -- | NLM |
| -- | OCLCO |
| -- | OCLCQ |
| -- | OSU |
| -- | UtOrBLW |
| 042 ## - رمز التحقق | |
| رمز التحقق | pcc |
| 049 ## - المجموعات المحلية (OCLC) | |
| مكتبة المقتنيات | OSUU |
| 082 ## - رقم تصنيف ديوى العشرى | |
| رقم الطبعة | 21 |
| رقم التصنيف | 610.28 |
| رقم المادة | ERP |
| 090 ## - رقم الضبط المحلى | |
| رقم تصنيف (OCLC) (R) ;رقم تصنيف, CALL (RLIN) (NR) | RC78 |
| كتر محلي OCLC رقم كتاب / رقم طلب غير مقسم,رقم RLIN( غير مكرر) | .E48 2017 |
| 090 ## - رقم الضبط المحلى | |
| رقم تصنيف (OCLC) (R) ;رقم تصنيف, CALL (RLIN) (NR) | RC78 |
| كتر محلي OCLC رقم كتاب / رقم طلب غير مقسم,رقم RLIN( غير مكرر) | .E48 2017 |
| 100 1# - المدخل الرئيسى - إسم شخصى | |
| الإسم الشخصى | Ehrlich, Ruth Ann, |
| التواريخ المصاحبة للاسم | 1938- |
| الدور | author |
| 9 (RLIN) | 45894 |
| 245 10 - بيان العنوان | |
| العنوان | Patient care in radiography : |
| بقية العنوان | with an introduction to medical imaging / |
| بيان المسئوليه,etc | Ruth Ann Ehrlich, Dawn M. Coakes |
| 250 ## - بيان الطبعة | |
| بيان الطبعة | Ninth edition |
| 263 ## - تاريخ النشر المتوقع | |
| تاريخ النشر المتوقع | 1605 |
| 300 ## - الوصف المادى | |
| التعداد | 510 pages : |
| تفاصيل ماديه اخرى للوعاء | illustrations ; |
| أبعاد الوعاء | 24 cm |
| 504 ## - تبصرة ببليوجرافية | |
| تبصرة ببليوجرافية,الخ | Includes bibliographical references and index |
| 505 0# - تبصرة محتويات-الفهرس | |
| تبصرة المحتويات المصاغة | Introduction to radiography -- Image quality factors -- Radiation effects and safety -- The healthcare delivery system -- Professional roles and behaviors -- Professional attitudes and communications -- Safety -- Infection control concepts -- Preventing disease transmission -- Response to patient's personal and physical needs -- Patient assessment -- Patient transfer -- Medication information -- Medication administration -- Emergency response -- Dealing with acute situations -- Preparation and examination of the gastrointestinal tract -- Surgical asepsis -- Contrast media and special radiographic techniques -- Bedside radiography : special conditions and environments -- Radiography in surgery -- Special imaging modalities |
| 650 12 - المدخل الاضافى بالموضوع-مصطلح موضوعى | |
| مصطلح موضوعي أو اسم جغرافي كعنصر مدخل | Radiography |
| التقسيم الفرعي العام | methods |
| 9 (RLIN) | 64606 |
| 650 22 - المدخل الاضافى بالموضوع-مصطلح موضوعى | |
| مصطلح موضوعي أو اسم جغرافي كعنصر مدخل | Patient Care |
| التقسيم الفرعي العام | methods |
| 9 (RLIN) | 45786 |
| 650 22 - المدخل الاضافى بالموضوع-مصطلح موضوعى | |
| مصطلح موضوعي أو اسم جغرافي كعنصر مدخل | Technology, Radiologic |
| 9 (RLIN) | 13225 |
| 650 22 - المدخل الاضافى بالموضوع-مصطلح موضوعى | |
| مصطلح موضوعي أو اسم جغرافي كعنصر مدخل | Professional-Patient Relations |
| 9 (RLIN) | 11565 |
| 700 1# - المدخل الاضافى - اسم شخصى | |
| الإسم الشخصى | Coakes, Dawn M., |
| الدور | author |
| 9 (RLIN) | 64607 |
| 942 ## - عناصر المدخل الإضافي( كوها) | |
| Koha [default] item type | كتاب |
| حالة الفقد | نموذج السعر الفعال | حالة تلف | ليس للاعارة | رقم الطلب | تاريخ الاكتساب | الموقع الحالي | الباركود | الفرع الرئيسي | Date last seen | نوع المادة فى نظام كوها | مصدر التصنيف او خطة الترفيف | Total Checkouts |
|---|---|---|---|---|---|---|---|---|---|---|---|---|
| 2018-08-29 | 610.28 ERP | 2018-08-29 | المكتبة المركزية بالمجمعة (CL) | 00657556 | المكتبة المركزية بالمجمعة (CL) | 2018-08-29 | كتاب | Dewey Decimal Classification | ||||
| 2018-08-29 | 610.28 ERP | 2018-08-29 | المكتبة المركزية بالمجمعة (CL) | 00657557 | المكتبة المركزية بالمجمعة (CL) | 2018-08-29 | كتاب | Dewey Decimal Classification | ||||
| 2018-08-29 | 610.28 ERP | 2018-08-29 | المكتبة المركزية بالمجمعة (CL) | 00657558 | المكتبة المركزية بالمجمعة (CL) | 2018-08-29 | كتاب | Dewey Decimal Classification | ||||
| 2018-09-04 | 610.28 ERP | 2018-09-04 | مكتبة كلية العلوم الطبية التطبيقية بالمجمعة - طالبات (AMF) | 00657835 | مكتبة كلية العلوم الطبية التطبيقية بالمجمعة - طالبات (AMF) | 2018-09-04 | كتاب | Dewey Decimal Classification | ||||
| 2018-09-04 | 610.28 ERP | 2018-09-04 | مكتبة كلية العلوم الطبية التطبيقية بالمجمعة - طالبات (AMF) | 00657836 | مكتبة كلية العلوم الطبية التطبيقية بالمجمعة - طالبات (AMF) | 2018-09-04 | كتاب | Dewey Decimal Classification |
